Théroigne de Méricourt (Record no. 170572)

MARC details
000 -LEADER
campo de control de longitud fija 00950nam a2200265 i 4500
001 - NÚMERO DE CONTROL
campo de control 170572
003 - IDENTIFICADOR DE NÚMERO DE CONTROL
campo de control ES-MaACL
005 - FECHA Y HORA DE LA ÚLTIMA TRANSACCIÓN
campo de control 20250901044924.0
008 - DATOS DE LONGITUD FIJA--INFORMACIÓN GENERAL
campo de control de longitud fija 090318s1989 fr |||| | fre d
020 ## - NÚMERO INTERNACIONAL ESTÁNDAR DEL LIBRO
Número Internacional Estándar del Libro 2-02-010381-8
080 ## - NÚMERO DE LA CLASIFICACIÓN DECIMAL UNIVERSAL
Número de la Clasificación Decimal Universal 929 Théroigne de Méricourt, Anne-Josèphe
100 0# - ENTRADA PRINCIPAL--NOMBRE DE PERSONA
Nombre de persona Roudinesco, Elisabeth.
9 (RLIN) 100012
245 10 - MENCIÓN DEL TÍTULO
Título Théroigne de Méricourt
Resto del título : une femme mélancolique sous la Révolution /
Mención de responsabilidad, etc. Elisabeth Roudinesco.
260 ## - PUBLICACIÓN, DISTRIBUCIÓN, ETC.
Lugar de publicación, distribución, etc. Paris :
Nombre del editor, distribuidor, etc. Seuil,
Fecha de publicación, distribución, etc. 1989.
300 ## - DESCRIPCIÓN FÍSICA
Extensión 314, [2] p., [8] p. de lám. ;
Dimensiones 21 cm.
490 1# - MENCIÓN DE SERIE
Mención de serie Fiction & cie ;
Designación de volumen o secuencia 105
500 ## - NOTA GENERAL
Nota general Índices.
504 ## - NOTA DE BIBLIOGRAFÍA, ETC.
Nota de bibliografía, etc. Bibliografía.
600 14 - PUNTO DE ACCESO ADICIONAL DE MATERIA--NOMBRE DE PERSONA
Nombre de persona Théroigne de Méricourt, Anne-Josèphe.
9 (RLIN) 139647
650 04 - PUNTO DE ACCESO ADICIONAL DE MATERIA--TÉRMINO DE MATERIA
Término de materia o nombre geográfico como elemento de entrada Feminismo-
Subdivisión general Historia
9 (RLIN) 12748
650 04 - PUNTO DE ACCESO ADICIONAL DE MATERIA--TÉRMINO DE MATERIA
Término de materia o nombre geográfico como elemento de entrada Feminismo-
Subdivisión cronológica S.XVIII
9 (RLIN) 12750
830 0# - PUNTO DE ACCESO ADICIONAL DE SERIE-TÍTULO UNIFORME
Título uniforme Fiction & cie ;
Designación de volumen o secuencia 105
9 (RLIN) 188953
852 4# - LOCALIZACIÓN
Ubicación ES-MaACL
Número de control de estantería E-12521
itemnumber R.140132
Nota libre . - Biblioteca Jacinto Martínez Lacalle
Holdings
Estatus retirado Estado de pérdida Estado de daño No para préstamo Biblioteca de origen Biblioteca actual Ubicación en estantería Fecha de adquisición Fuente de adquisición Total de préstamos Signatura topográfica completa Código de barras Visto por última vez Precio de reemplazo Tipo de ítem Koha
        Biblioteca del Ateneo de Madrid Biblioteca del Ateneo de Madrid Depósito 2 18/03/2009     E-12521 1179004 23/02/2023 23/02/2023 Libro impreso